000 00829 a2200217 4500
005 20080827172033.0
008 080827t xxu||||| |||| 00| 0 eng d
010 _aENG-87334
020 _c100.00 (app)
035 _aEN-70867
037 _bDBAD / PUB
082 _a737.4
100 _aCribb, Joe
245 _aThe Indian coinage tradition
_cby Joe Cribb
_borigins, continuity and change
260 _aNashik
_bIIRNS Publications
_c2005
270 _aP.O. Anjaneri , Dist. Nashik
_bNashik
_e422 213
300 _a72p.
_c25cm (Pbk )
500 _aCost of this book is not available & fixed app. cost.
942 _adpl
_cEN
_k737.4 / CRI
_2ddc
_h737.4
_mCRI
999 _c6368
_d6368